Colorado Municipalities #2 - Statistics

General Stats
  • This quiz has been taken 5 times
  • The average score is 8 of 15
Answer Stats
Hint Town/City % Correct
100 years Centennial
100%
Lead was its primary mineral Leadville
100%
Under the shadow of the flatirons Boulder
60%
Major northern city starting as a farming colony Greeley
60%
Notable ski town east of Breckenridge Keystone
60%
Place named for its commonly grown grain used to make fancy bread Rye
60%
Oldest town in the state San Luis
60%
Broom corn and Colorado's modern tech center Broomfield
40%
Closest to the Colorado's source while remaining on the river Grand Lake
40%
Seat of Phillips County, named for a Massachusetts town Holyoke
40%
Long's peak is where its name originates Longmont
40%
Named for an early state governor that lived in Pueblo Pitkin
40%
A gun washed up on the shore of a creek near this town Rifle
40%
Named for a creek that flows south to the Arkansas Fountain
20%
City created by Charles Welch and W.A.H. Loveland Lakewood
20%
No matching quizzes found
Score Distribution
Percent of People with Each Score
Percentile by Number Answered
Your Score History
You have not taken this quiz